000 01705cam a22004094i 4500
003 PE-LiUPU
005 20250731175623.0
008 150623s1979 mdu r 000 0 eng d
020 _a0819107611
035 _a(Sirsi) i9780819107619
040 _aPE-LiUPU
_bspa
_cPE-LiUPU
_erda
049 _aPRUA
100 1 _aKubo, Sakae,
_d1926-,
_eautor.
245 1 0 _aA beginner's New Testament greek grammar /
_cSakae Kubo.
264 1 _aLanham, MD :
_bUniversity Press of America,
_c1979.
300 _a235 páginas ;
_c23 centímetros
336 _atext
_2rdacontent
337 _aunmediated
_2rdamedia
338 _avolume
_2rdacarrier
505 0 _aThe alphabet -- Contract verbs -- Demosntrative propouns -- The verb.
526 _aP145
526 _aP127
526 _aP97
526 _aP35
526 _aP14
526 _aP07
650 0 4 _aGRIEGO BIBLICO
_xGRAMATICA.
_95993
942 _2ddc
_cBOOK
949 _a487.415 K87
_wDEWEY
_c1
_i45286
_lCCODEBUL1
_mBUL
_r0
_sY
_tBOOK
_u2015-6-24
_xTEOLOGIA
_zUNKNOWN
_0COMPRA
_o.STAFF. Colección General
949 _a487.415 K87
_wDEWEY
_c2
_i50862
_lCCODEBUL1
_mBUL
_p5.00
_r0
_sY
_tBOOK
_u2015-6-24
_xTEOLOGIA
_PP35
_0COMPRA
_o.STAFF. Colección General
994 _aC0
_bPEPRU
596 _a1
999 _a487.415 K87
_wDEWEY
_c22145
_i45286
_d22145
_f2021-11-11
_g6
_lCCODEBUL1
_mBUL
_p34.36
_q3
_r0
_sY
_tBOOK
_u2015-6-24
_xTEOLOGIA
_PP35
_0COMPRA
_o.STAFF. Colección Teología
999 _a487.415 K87
_wDEWEY
_c2
_i50862
_d2018-9-10
_f2021-11-11
_g6
_lCCODEBUL1
_mBUL
_p34.36
_q1
_r0
_sY
_tBOOK
_u2015-6-24
_xTEOLOGIA
_PP35
_0COMPRA
_o.STAFF. Colección Teología
980 _81
_gALBERTO SANCHEZ Responsable de Automatización